Basic Electronics (Record no. 340737)
[ view plain ]
| 000 -LEADER | |
|---|---|
| fixed length control field | 00486nam a2200181Ia 4500 |
| 008 - FIXED-LENGTH DATA ELEMENTS--GENERAL INFORMATION | |
| fixed length control field | 230718s9999 xx 000 0 und d |
| 020 ## - INTERNATIONAL STANDARD BOOK NUMBER | |
| International Standard Book Number | 9788121925556 |
| 041 ## - LANGUAGE CODE | |
| Language code of text/sound track or separate title | eng |
| 082 ## - DEWEY DECIMAL CLASSIFICATION NUMBER | |
| Classification number | 621.381 |
| Item number | THE |
| 100 ## - MAIN ENTRY--PERSONAL NAME | |
| Personal name | Theraja B.L. |
| 9 (RLIN) | 126181 |
| 245 ## - TITLE STATEMENT | |
| Title | Basic Electronics |
| Remainder of title | Solid State |
| 250 ## - EDITION STATEMENT | |
| Edition statement | 5th ed. |
| 260 ## - PUBLICATION, DISTRIBUTION, ETC. (IMPRINT) | |
| Date of publication, distribution, etc. | 2014 |
| Name of publisher, distributor, etc. | S.Chand |
| 300 ## - PHYSICAL DESCRIPTION | |
| Extent | 715 |
| 365 ## - TRADE PRICE | |
| Currency code | Rs. |
| Price amount | 595.00 |
| 700 ## - ADDED ENTRY--PERSONAL NAME | |
| Personal name | Theraja B.L. |
| 9 (RLIN) | 126181 |
| 906 ## - LOCAL DATA ELEMENT F, LDF (RLIN) | |
| d | O:0479722-Dec-2015B:SE/SI/248913-Oct-2015 |
| c | ALLIED |
| b | 1178.1 |
| Withdrawn status | Lost status | Damaged status | Not for loan | Home library | Current library | Date acquired | Vendor | Budget Code | Cost, normal purchase price | Bill number | Total Checkouts | Full call number | Barcode | Date last seen | Date last checked out | Discount | Cost, replacement price | Bill Date | Koha item type | Original Barcode |
|---|---|---|---|---|---|---|---|---|---|---|---|---|---|---|---|---|---|---|---|---|
| Cummins College of Engineering for Women Pune | Cummins College of Engineering for Women Pune | 22/12/2015 | Suyog Enterprises | ALLIED | 464.10 | SE/SI/2489 | 3 | 621.381 | CCEP-BK-51944 | 11/03/2026 | 25/02/2026 | 1178.1 | 595.00 | 13/10/2015 | Books | 051944 |